000 01114nam a22002657a 4500
005 20170124102942.0
010 _aA-223519
020 _c12.00
035 _aA-223519
037 _bCen Lib/Ret
040 _aDPL
_bHN
082 _a822
_bयूरोपि
100 _aयूरोपिटिक्स कृत
_948753
245 _aइलेक्ट्रा /
_cयूरोपिटिक्स कृत; अनुवादक रामेश्वर प्रेम
246 _aElectra /
_bby Euoropitiks krit; anuvaad rameshwar prem
260 _aदिल्ली
_bकिताबघर
_c1984
270 _aगाँधी नगर
_bदिल्ली
_e110031
300 _a72पृ.
_c18सेमी(सजिल्द)
650 _aहिंदी साहित्य
_948754
650 _aहिंदी साहित्य -- नाटक
_948755
650 _aHindi literature
_948756
650 _aHindi literature -- Drama
_948757
700 _aप्रेम, रामेश्वर
_948758
942 _2ddc
_cHN
_h822
_mयूरोपि
999 _c112691
_d112691